000
00436nam a2200157Ia 4500
008
100122s9999 xx 000 0 und d
082
_b
46751
_a
823
100
_a
केळकर गोविंद
245
_a
जान्हवी
250
_a
1
260
_b
शब्दसन्मान प्रकाशन
_c
1992
300
_a
138
630
_a
जान्हवी
730
_a
जान्हवी
942
_c
BOOK
999
_c
425800
_d
425797